Extending diplomatic privileges to permanent observers to the Organization of American States : hearing, Ninety-third Congress, first session /

Bibliographic Details
Corporate Authors: United States. Congress. House. Committee on Foreign Affairs. Subcommittee on Inter-American Affairs, ProQuest (Firm)
Format: Government Document eBook
Language:English
Published: Washington : U.S. Govt. Print Off, 1973.
Series:U.S. Congressional Hearings.
Subjects:
Online Access:Connect to the full text of this electronic book

MARC

Tag First Indicator Second Indicator Subfields
LEADER 00000cam a22000001a 4500
001 in00003201614
006 m d f
007 cr bn mmmapmmp
008 090922s1973 dcu o f000 0 eng d
005 20260604201401.4
035 |a cis2007437645 
040 |a UMI  |c UMI  |d UtOrBLW 
043 |a n-us--- 
086 0 |a Y 4.F 76/1:D 62/29 
099 |a HRG-1973-FOA-0040 
110 1 |a United States.  |b Congress.  |b House.  |b Committee on Foreign Affairs.  |b Subcommittee on Inter-American Affairs. 
245 1 0 |a Extending diplomatic privileges to permanent observers to the Organization of American States :  |b hearing, Ninety-third Congress, first session /  |c March 23, 1973. 
264 1 |a Washington :  |b U.S. Govt. Print Off,  |c 1973. 
300 |a 1 online resource. 
336 |a text  |b txt  |2 rdacontent 
337 |a computer  |b c  |2 rdamedia 
338 |a online resource  |b cr  |2 rdacarrier 
538 |a System requirements: PDF reader software. 
500 |a Electronic resource. 
610 2 0 |a Organization of American States  |x Privileges and immunities. 
655 7 |a Electronic books.  |2 local 
710 2 |a ProQuest (Firm) 
776 0 8 |i Print version:  |a United States. Congress. House. Committee on Foreign Affairs. Subcommittee on Inter-American Affairs.  |t Extending diplomatic privileges to permanent observers to the Organization of American States  |w (DLC)73601700 
776 0 8 |i Microfiche version:  |a United States. Congress. House. Committee on Foreign Affairs. Subcommittee on Inter-American Affairs.  |t Extending diplomatic privileges to permanent observers to the Organization of American States.  |d [Bethesda, Md.] : ProQuest,[2004]  |o CIS 73 H381-17  |w (ProQuest)cis07300284 
830 0 |a U.S. Congressional Hearings. 
856 4 0 |u http://proxy.library.tamu.edu/login?url=https://congressional.proquest.com/congcomp/getdoc?HEARING-ID=HRG-1973-FOA-0040  |z Connect to the full text of this electronic book  |t 0 
998 |a cis07300284 
999 |a MARS 
999 f f |s afef546f-4dec-371d-a6dc-4f6de96f9e5a  |i ab12bb53-f830-3d10-9a12-4c54e277db0e  |t 0 
952 f f |a Texas A&M University  |b College Station  |c Electronic Resources  |s www_evans  |d Available Online  |t 0  |e HRG-1973-FOA-0040  |h Other scheme 
998 f f |a HRG-1973-FOA-0040  |t 0  |l Available Online